000 00317nam a2200133 4500
008 190605s1978||||xo d
100 1 _aFabián D.
_91196
260 _bSmena
_aBratislava
_c1978
250 _a1. vydanie
041 1 _aslo
044 _axo
_cSK
245 1 0 _aDialógy na križovatkách
958 _aA
999 _c22516
_d22516